Tilastot visalle Veikkausliigan mitalistit

Klikkaa tästä pelataksesi tätä visaa!

Yleistilastot

  • Tätä visaa on pelattu 123 kertaa
    (93 viimeisimmän päivityksen jälkeen)
  • Keskiarvotulos 15 / 23

Vastaustilastot

Mitalien määräJoukkue% Oikein
20 (1990,1992-1995,1997,1999,2001-2003,2005-2006,2009-2017)HJK
100%
2 (2010,2017)KuPS
96%
5 (1996,2007-2009-2010,2012)TPS
93%
3 (2014-2016)SJK
91%
3 (2008,2011-2012)FC Inter
86%
1 (2017)Ilves
86%
10 (1991,1995,1998-2000,2002-2004,2006-2007)Haka
84%
1 (2015)RoPS
84%
3 (2008-2009,2013)FC Honka
77%
1 (2016)IFK Mariehamn
74%
3 (1997-1998, 2013)VPS
74%
2 (2008,2014)FC Lahti
73%
9 (1993-1996,1999-2002,2005)MyPa
73%
6 (2001,2003-2007)TamU
70%
3 (1992-1993,1996)FC Jazz
63%
1 (2011)JJK
57%
1 (2000)FC Jokerit
49%
1 (1998)PK-35
39%
1 (1994)TPV
39%
1 (1997)FinnPa
37%
3 (1990-1992)Kuusysi
37%
2 (1990-1991)MP
33%
1 (2004)AC Allianssi
30%

Tulosjakauma

Persentiili vastausten määrän mukaan

Jokaisen tuloksen saaneiden osuus

Tuloshistoriasi

Et ole pelannut tätä visaa sen viimeisimmän päivityksen jälkeen